000 00475nam a2200193Ia 4500
003 GCL
008 140319s9999 xx 000 0 eng d
040 _aGCL /
_cGCL
082 0 4 _a891.87
_bI S
100 1 _aISTLER, JOSEF
245 1 0 _aSEVEN SHORT STORIES /
_cISTLER, JOSEF
260 _a[S.N] :
_bORBIS PRAGUE ،
_c1967
300 _a142 P
650 0 4 _aLITERATURE
650 0 4 _aFICTION
650 0 4 _aSLOVAK LITERATURE
650 0 4 _aSLOVAK FICTION
942 _2ddc
_cBK
999 _c15330
_d15330